书目信息 |
| 题名: |
神经科学原理
|
|
| 作者: | 韩济生 | |
| 分册: | 下册 | |
| 出版信息: | 北京 北京医科大学出版社 |
|
| 页数: | 1171 | |
| 开本: | 26cm | |
| 丛书名: | ||
| 单 册: | ||
| 中图分类: | R322.8 | |
| 科图分类: | ||
| 主题词: | 人体形态学 | |
| 电子资源: | ||
| ISBN: | 7-81034-958-9 | |
| 000 | 00533nam0 2200193 450 | |
| 001 | 0741144344 | |
| 005 | 20070817112544.34 | |
| 010 | @a7-81034-958-9@b精装@d¥200.00 | |
| 100 | @a20070817d km y0chiy0120 ea | |
| 101 | 0 | @achi |
| 200 | 1 | @a神经科学原理@Ashen jing ke xue yuan li@h下册@f韩济生@Fhan ji sheng |
| 205 | @a2版 | |
| 210 | @a北京@c北京医科大学出版社 | |
| 215 | @a1171@d26cm | |
| 606 | 0 | @a人体形态学 |
| 690 | @aR322.8@v3 | |
| 701 | 0 | @a韩济生@Ahan ji sheng |
| 801 | 0 | @aCN@bPFT@c20070817 |
| 905 | @a213230@dR322.8@en2:2@f1 | |
| 神经科学原理.下册/韩济生.-2版.-北京:北京医科大学出版社 |
| 1171;26cm |
| ISBN 7-81034-958-9(精装):¥200.00 |
| ● |
| 相关链接 |
|
|
|
|
正题名:神经科学原理
索取号:R322.8/n2:2
 
预约/预借
| 序号 | 登录号 | 条形码 | 馆藏地/架位号 | 状态 | 备注 |
| 1 | 6600896 | 266008964 | 密集书库-生命科学系/ [索取号:R322.8/n2:2] | 在馆 |